Essentials of educationl technology
Kaydedildi:
| Yazar: | |
|---|---|
| Materyal Türü: | Kitap |
| Dil: | İngilizce |
| Baskı/Yayın Bilgisi: |
2009
|
| Etiketler: |
Etiketle
Etiket eklenmemiş, İlk siz ekleyin!
|
MARC
| LEADER | 00000nam a22000007a 4500 | ||
|---|---|---|---|
| 008 | 201210b ||||| |||| 00| 0 eng d | ||
| 020 | |a 978-81-203-3723-7 | ||
| 100 | |a MANGAL,S. K. | ||
| 245 | |a Essentials of educationl technology |c Uma Mangal, S.K.mangal | ||
| 260 | |c 2009 |h Delhi |i 691320-Edu. 691321 |l LB1028.3.M31 |m Educational technology | ||
| 942 | |a lcc |c BK |e Ogunleye | ||
| 952 | |0 0 |1 0 |2 ddc |4 0 |6 LB_1028_300000000000000__M31 |7 0 |9 346 |a HOL |b HOL |d 2020-12-10 |l 0 |o LB1028.3 .M31 |p 2020-2081 |r 2020-12-10 00:00:00 |w 2020-12-10 |y BK | ||
| 952 | |0 0 |1 0 |2 lcc |4 0 |6 LB10283 M31 |7 0 |9 347 |a HOL |b ED |d 2020-12-10 |l 0 |o LB1028.3 .M31 |p 2020-2082 |r 2020-12-10 00:00:00 |w 2020-12-10 |y BK | ||
| 999 | |c 165 |d 165 | ||